Hunger Games Characters by Mentions Quiz Stats

 Plays Quiz Updated Feb 8, 2014

Support Sporcle.
Go Orange.
Score 0/90 Timer 12:00
0 Plays Today
# Name % Correct
319Katniss Everdeen
98.3%
1664Peeta Mellark
95.9%
293Primrose Everdeen
92.3%
649Gale Hawthorne
89.3%
239Coriolanus Snow
88.2%
715Haymitch Abernathy
85.3%
209Rue
83.1%
465Finnick Odair
77.6%
195Effie Trinket
77.5%
138Cato
73.9%
239Cinna
71.8%
257Mrs. Everdeen
70.1%
28Glimmer
68.8%
67Thresh
68.7%
160Johanna Mason
68.5%
117Alma Coin
67.5%
32Foxface
66.5%
235Beetee
65.6%
49Annie Cresta
64.3%
36Clove
64%
93Mr. Everdeen
63.8%
65Wiress
62.9%
63Mags
60.7%
207Plutarch Heavensbee
60.5%
2Marvel
58%
43Madge Undersee
55%
7Seneca Crane
53.9%
3Mrs. Mellark
53.2%
16Mr. Mellark
53.1%
34Hazelle Hawthorne
52.7%
# Name % Correct
11Posy Hawthorne
51.9%
119Caesar Flickerman
51.3%
8Rory Hawthorne
51.2%
38Enobaria
49.5%
33Brutus
49.3%
45Octavia
48.5%
49Portia
47.8%
11Gloss
47.6%
46Buttercup
45.1%
24Flavius
44.8%
10Cashmere
44.7%
133Boggs
44.4%
5Vick Hawthorne
44.3%
32Greasy Sae
41.6%
55Pollux
41.4%
21Chaff
39.6%
5Mayor Undersee
38.8%
94Cressida
38.4%
35Venia
37.2%
11Seeder
36.9%
19Castor
35.8%
20Leeg 1
35.1%
2Leeg 2
35.1%
30Darius
34.6%
14Claudius Templesmith
34.1%
8Morphling(s)
34%
32Tigris
31.8%
3Blight
31.4%
3Woof
31.1%
39Soldier Jackson
30.8%
# Name % Correct
17Commander Paylor
29.6%
5Cecelia
29.3%
35Bonnie
29.2%
5Lady
28.7%
38Twill
28%
41Delly Cartwright
27.9%
24Romulus Thread
27.3%
17Maysilee Donner
26.3%
11Commander Lyme
25.5%
15Mitchell
25.1%
22Messalla
25.1%
14Cray
23.6%
39Fulvia Cardew
23.3%
17Homes
22.4%
2Titus
22.1%
3Lavinia
21.9%
6Ripper
19.8%
6The Goat Man
19.4%
5Atala
19%
6Rooba
17.4%
1Tax
17.3%
5Dalton
16.1%
5Dr. Aurelius
15.8%
7Thom
15.8%
6Leevy
15.6%
2Eddy
15%
2Martin
12.8%
4Purnia
12.4%
5Soldier York
12.2%
4Bristel
11.9%

You're not logged in!

Compare scores with friends on all Sporcle quizzes.
OR
Log In
Forgot?

From the Vault

Match Game: 2000s Best Pictures

by DIEGO1000

Movies 60s
It's a good thing we have that 's' in there, because 2000 best pictures would be way too many to click.
Remove Ads.
Support Sporcle.
Get the best of Sporcle when you Go Orange. This ad-free experience offers more features, more stats, and more fun while also helping to support Sporcle. Thank you for becoming a member.

Show Comments

Extras

Top Quizzes Today


Score Distribution

Your Account Isn't Verified!

In order to create a playlist on Sporcle, you need to verify the email address you used during registration. Go to your Sporcle Settings to finish the process.

Report this User

Report this user for behavior that violates our Community Guidelines.

Details: